00743 2200241 4500001002100000005001700021008004100038035002400079082001000103090002100113100002000134245014100154260002900295300003500324500002700359500003000386650002400416850001600440980001500456985000600471986000900477999001500486YOGYA-0209000004433820090227030347.0 ind  0010-020900000044338 a338.4 a338.4bWak PlSK aWAKHID, Nurudin aPeranan pemasaran pariwisata terhadap peningkatan arus kunjungan wisatawan di obyek wisata Kraton Ratu Bokocdisusun oleh Nurudin Wakhid aYogyakartab[s.n.]c1996 a8, 45, [9] lembarbilusc30 cm aMakalah API Yogyakarta aBibliografi : lembar [46] aPariwisata industri aYOPDYOG [B] a19-12-2007 a1 aRuni a07A0027011